Minecraft Clients - Statistics

General Stats
  • This quiz has been taken 11 times
  • The average score is 31 of 88
Answer Stats
Hint Answer % Correct
PE lunar
100%
Java(PVP) Lunar
100%
Java(PVP) Badlion
78%
Java(PVP) Feather
67%
Java(2b2t paid) Future
44%
Java(2b2t free) Meteor
44%
leaked Rise
44%
Java(paid) Rise
44%
Java(free) wurst
44%
Java(2b2t paid) Abyss
33%
Java(free) Acrimony
33%
outdated actinium
33%
paid(outdated?) aeolus
33%
leaked apollo
33%
ghost(outdated) ares
33%
Java(free) aristois
33%
ghost(outdated) ascendency
33%
private asteria
33%
Java(paid) astralis
33%
Java(paid) Augustus
33%
free Borion
33%
Java(paid) breeze
33%
free catgirl
33%
outdated celsius
33%
Java(free) Chimera
33%
ghost cnd
33%
Java(free) CrossSine
33%
Java(paid) dog
33%
outdated drizzle
33%
Java(2b2t free) earthhack
33%
Java(free) FDP
33%
PVP Flarial
33%
private frost
33%
free Horion
33%
Java(free) Impact
33%
Java(2b2t free) Inertia
33%
PVP(leaked) Joivo
33%
Java(free) kawaii
33%
Java(2b2t paid) Konas
33%
Java(PVP) LabyMod
33%
Java(2b2t free) Lambda
33%
PVP Latite
33%
Java(free) LiquidBounce
33%
PVP(outdated?) Luconia
33%
PVP Lyra
33%
Java(2b2t free) madcat
33%
Java(free) MinusBounce
33%
Java(paid) myau
33%
Java(free) NightX
33%
ghost nitr0
33%
Java(free disconected) noteless
33%
Java(paid) novoline
33%
2b2e nuke
33%
ghost(outdated) nuvola
33%
PVP Oderso
33%
PVP(paid) Onix
33%
Java(paid) Opal
33%
paid PacketV3
33%
free Prax
33%
PE protohax
33%
outdated radium
33%
Java(free) raven
33%
Java(2b2t paid) rusherhack
33%
leaked Shadow
33%
outdated Skidders
33%
outdated skiddle
33%
free solstice
33%
Java(paid) Tenacity
33%
PE(outdated?) Toolbox
33%
ghost undisputed
33%
paid?(outdated?) valkyrie
33%
private vanilla
33%
Java(paid) vape
33%
outdated vector
33%
2b2e(private) wolfcock
33%
outdated zephyr
33%
Java(paid) astolfo
22%
outdated badman
22%
Java(2b2t free) Catalyst
22%
private cyan
22%
Java(paid) flux
22%
Java(2b2t free) gamesense
22%
Java(paid) moon
22%
Java(2b2t free) SalHack
22%
Java(free) sigma
22%
outdated surge
22%
Java(free disconected?) vestige
22%
outdated Iris
11%
No matching quizzes found
Score Distribution
Percent of People with Each Score
Percentile by Number Answered
Your Score History
You have not taken this quiz